Tras las huellas de la crisis política / (Registro nro. 5860)

Detalles MARC
000 -LEADER
fixed length control field 01747nam a2200253Ia 4500
003 - CONTROL NUMBER IDENTIFIER
control field OSt
005 - DATE AND TIME OF LATEST TRANSACTION
control field 20200402110312.0
008 - FIXED-LENGTH DATA ELEMENTS--GENERAL INFORMATION
fixed length control field 191128s1996 ck gr 000 0 spa d
020 ## - INTERNATIONAL STANDARD BOOK NUMBER
International Standard Book Number 9586016714
040 ## - CATALOGING SOURCE
Original cataloging agency CO-JMCR
Transcribing agency CO-JMCR
041 0# - LANGUAGE CODE
Language code of text/sound track or separate title spa
082 04 - DEWEY DECIMAL CLASSIFICATION NUMBER
Classification number 320 .9861
Item number L435t
Edition number 21
100 1# - MAIN ENTRY--PERSONAL NAME
Personal name Leal Buitrago, Francisco,
Relator term editor
9 (RLIN) 2405
245 10 - TITLE STATEMENT
Title Tras las huellas de la crisis política /
Statement of responsibility, etc. editor, Francisco Leal Buitrago
260 ## - PUBLICATION, DISTRIBUTION, ETC.
Place of publication, distribution, etc. Bogotá :
Name of publisher, distributor, etc. Universidad Nacional de Colombia : Tercer mundo,
Date of publication, distribution, etc. 1996
300 ## - PHYSICAL DESCRIPTION
Extent 298 páginas ;
Dimensions 21 cm.
504 ## - BIBLIOGRAPHY, ETC. NOTE
Bibliography, etc. note Bibliografía: páginas 263-272
505 0# - FORMATTED CONTENTS NOTE
Title Alcances y dilemas de la crisis política /
Statement of responsibility Francisco Leal Buitrago
Title El ejecutivo en la crisis : dimensiones, antecedentes y perspectivas /
Statement of responsibility Luis Alberto Restrepo
Title El Congreso colombiano ante la crisis /
Statement of responsibility Fernando Cepeda Ulloa
Title Jueces, narcos y políticos : la judicialización de la crisis política /
Statement of responsibility Rodrigo Uprimny
Title Narcotráfico, coyuntura y crisis : sugerencias para un debate /
Statement of responsibility Alvaro Camacho Guizado
Title La mano invisible : narcotráfico, economía y crisis /
Statement of responsibility Mauricio Reina
Title Diplomacia coercitiva, narcotráfico y crisis : ¿el deterioro irreversible de las relaciones entre Estados Unidos y Colombia? /
Statement of responsibility Juan Gabriel Tokatlian
Title La crisis de los partidos y los partidos en la crisis /
Statement of responsibility Javier Dario Restrepo
520 ## - SUMMARY, ETC.
Summary, etc. La crisis que hoy experimenta el país ha sido motivada en gran medida por la acumulación de problemas-agrario, violencias, impunidad, concentración de riqueza, corrupción, etc.
650 14 - SUBJECT ADDED ENTRY--TOPICAL TERM
Topical term or geographic name entry element Crisis política
Chronological subdivision 1995-1996
Geographic subdivision Colombia
9 (RLIN) 2406
650 14 - SUBJECT ADDED ENTRY--TOPICAL TERM
Topical term or geographic name entry element Proceso 8000
General subdivision narcotráfico
Geographic subdivision Colombia
9 (RLIN) 2407
650 14 - SUBJECT ADDED ENTRY--TOPICAL TERM
Topical term or geographic name entry element Política y gobierno
Chronological subdivision 1995-1996
Geographic subdivision Colombia
9 (RLIN) 2408
942 ## - ADDED ENTRY ELEMENTS (KOHA)
Source of classification or shelving scheme Dewey Decimal Classification
Koha item type Books
Existencias
Withdrawn status Lost status Source of classification or shelving scheme Damaged status Not for loan Collection code Home library Current library Date acquired Source of acquisition Cost, normal purchase price Total Checkouts Full call number Barcode Date last seen Copy number Koha item type
    Dewey Decimal Classification     Non-fiction Biblioteca Pública José María del Castillo y Rada Biblioteca Pública José María del Castillo y Rada 04/15/2018 Donación 0.00   320.9861 / L435t 430006047 05/16/2024 Ej.1 Books